000 00521nam a2200181 a 4500
001 1226
005 20140414131901.0
008 041111s19uu xx 00 eng d
020 _a0-440-40665-X
050 _aFIC
_bC58 1955
100 _aCleary, Beverly
245 _aBeezus and Ramona /
_cBeverly Cleary ; illustrated by Louis Darling.
260 _aSouth Holland, IL :
_bA Yearling Book,
_c1955.
300 _a159 p. : ill. ; cm.
650 _aSisters
_xFiction.
650 _aChildren stories.
999 _c110662
_d110662